NBA players by pictures - Statistics

General Stats
  • This quiz has been taken 99 times
  • The average score is 6 of 20
Answer Stats
Picture Answer % Correct
Danny Green
84%
Ricky Rubio
70%
Jonathan Isaac
61%
Danté Exum
56%
Devin Vassell
49%
Luka Garza
48%
Rick Fox
38%
Chris Duarte
30%
Tre Mann
30%
Amir Coffey
23%
Dalen Terry
23%
Dee Brown
23%
Eddie Jones
16%
Doug McDermott
15%
Olivier-Maxence Prosper
9%
A. J. Lawson
7%
Ricky Pierce
6%
Daishen Nix
5%
Bob Sura
4%
Wesley Person
2%
No matching quizzes found
Score Distribution
Percent of People with Each Score
Percentile by Number Answered
Your Score History
You have not taken this quiz